Construyendo contextos preventivos en Educación superior
সংরক্ষণ করুন:
| সংস্থা লেখক: | , |
|---|---|
| বিন্যাস: | গ্রন্থ |
| ভাষা: | স্প্যানিশ |
| প্রকাশিত: |
Santiago
CONACE
2007
|
| সংস্করন: | 1a. ed |
| বিষয়গুলি: | |
| ট্যাগগুলো: |
ট্যাগ যুক্ত করুন
কোনো ট্যাগ নেই, প্রথমজন হিসাবে ট্যাগ করুন!
|
MARC
| LEADER | 00000cam a2200000 a 4500 | ||
|---|---|---|---|
| 001 | UCI5002 | ||
| 003 | CL-VaPUC | ||
| 008 | 080311e20070000CL |||||||||||||||||spa|d | ||
| 020 | |a 9789567808632 | ||
| 082 | 0 | 4 | |a 362.29 |b CON |2 21 |
| 110 | 2 | |a CONACE |e author |9 527030 | |
| 710 | 2 | |a Consejo Nacional para el Control de Estupefacientes |e author |9 527031 | |
| 245 | 1 | 0 | |a Construyendo contextos preventivos en Educación superior |
| 250 | |a 1a. ed | ||
| 300 | |a 134 p | ||
| 942 | |c BK | ||
| 945 | |d 20080311 00:00:00 |a cmena | ||
| 260 | |a Santiago |b CONACE |c 2007 | ||
| 500 | |a www.conacedrogas.cl | ||
| 650 | 7 | |a PREVENCION DE DROGAS |2 CL-VaPUC |9 419242 | |
| 650 | 0 | |a Política gubernamental |9 262286 | |
| 650 | 0 | |a Educación superior |9 223851 | |
| 650 | 0 | |a Drogadicción |9 331967 | |
| 650 | 0 | |a Alcoholismo |9 259651 | |
| 583 | |a last modification |c 20160913 11:10:05 |k Rodrigo Vera | ||
| 999 | |c 328769 |d 328767 | ||
| 952 | |0 0 |1 0 |4 0 |6 362_290000000000000_CON_2007 |7 0 |8 A |9 412860 |a BIBEDU |b BIBEDU |c ES_NOD |d 2019-11-22 |i 4470710 |o 362.29 CON 2007 |p 4470710 |r 2023-08-09 |w 2019-11-22 |y BK |k EDU | ||
| 952 | |0 0 |1 0 |4 0 |6 362_290000000000000_CON_2007 |7 0 |8 A |9 412861 |a BIBGIM |b BIBGIM |d 2019-11-22 |i 4470702 |o 362.29 CON 2007 |p 4470702 |r 2025-01-15 |w 2019-11-22 |y BK |k GIM | ||
| 952 | |0 0 |1 0 |4 0 |6 362_290000000000000_CON_2007 |7 0 |8 A |9 412863 |a BIBEDU |b BIBEDU |c ES_NOD |d 2019-11-22 |i 4904044 |o 362.29 CON 2007 |p 4904044 |r 2023-08-09 |w 2019-11-22 |y BK |k PSI | ||